Un primer acercamiento a la visión antropológica de Albert Einstein

-д хадгалсан:
Номзүйн дэлгэрэнгүй
Үндсэн зохиолч: Figueroa I., Judith (Зохиогч)
Формат: Ном
Хэл сонгох:испани
Хэвлэсэн: Santiago C.P.E.I.P 1993
Цуврал:Documento de estudio, 10
Нөхцлүүд:
Шошгууд: Шошго нэмэх
Шошго байхгүй, Энэхүү баримтыг шошголох эхний хүн болох!

MARC

LEADER 00000nam a2200000 a 4500
001 UCW7669
003 CL-VaPUC
008 930621e19930000CL |||||||||||||||||spa|d
082 0 4 |a 306  |b FIG  |2 21 
100 0 |a Figueroa I., Judith  |e author  |9 312879 
245 1 3 |a Un primer acercamiento a la visión antropológica de Albert Einstein 
300 |a 14 h 
942 |c BK 
945 |d 19930621 00:00:00 
260 |a Santiago  |b C.P.E.I.P  |c 1993 
600 0 |a Einstein, Albert   |e autor  |9 266229 
650 0 |a Antropología cultural y social   |9 265143 
650 0 |a Crítica e interpretación   |9 255042 
583 |a last modification  |c 19930621 00:00:00  |k Rodrigo Vera 
490 0 |a Documento de estudio, 10 
999 |c 220360  |d 220358 
952 |0 0  |1 0  |4 0  |6 306_000000000000000_FIG_1993  |7 0  |8 P  |9 212443  |a BIBEDU  |b BIBEDU  |c BIBEDU_PB  |d 2019-11-15  |i 2806835  |o 306 FIG 1993  |p 2806835  |r 2024-01-25  |w 2019-11-15  |y BK  |k EDU